Politique Française en E - Statistiques

Statistiques générales
  • Ce quiz a été pris 246 fois
  • Le résultat moyen est 7 sur 10
Statistiques - réponses
Hint Réponse % Correct
Ancien nom de l’école de formation des hauts fonctionnaires français, par laquelle sont passées de nombreuses personnalités politiques, dont 4 présidents. Ecole Nationale d'Administration (ENA)
98%
Elles peuvent être présidentielles, législatives, municipales… etc, et rythme la vie politique française Elections
97%
Palais du Président de la République Elysée
97%
Nom d’origine du parti politique fondé par Emmanuel Macron en avril 2016 afin de soutenir sa candidature à l’élection présidentielle. En Marche
93%
Maire de Nice depuis 2008, ancien président de la région PACA. Ancien membre du parti Les Républicains (LR), il est désormais vice-président du parti Horizons. Christian Estrosi
84%
Mesure exceptionnelle qui peut être décrétée en cas de crise, comme des attentats, des catastrophes naturelles ou des troubles civils. Permet un champ d’action très élargi pour la force publique en France Etat d'urgence
71%
Établissement d’enseignement supérieur très prestigieux ayant pour fonction de former des intellectuels et des chercheurs dans de nombreux domaines. Ecole Normale Supérieure (ENS)
62%
Journaliste emblématique de la scène médiatique et politique française, il a notamment travaillé sur France Inter, Antenne 2 ou Europe 1 et a été président de France Télévision. Il est connu pour ses interviews incisives et ses entretiens avec des personnalités influentes, comme Vladimir Poutine. Jean-Pierre Elkabbach
37%
Essayiste et polémiste français, régulièrement invité dans les médias pour faire de l’analyse politique, proche du Printemps Républicain. Il a notamment été le conjoint de Carla Bruni. Raphaël Enthoven
36%
Ancienne Députée MODEM, secrétaire d’Etat dans les différents gouvernements sous la présidence d’Emmanuel Macron, elle est la grande promotrice du Service National Universel (SNU). Sarah El Haïry
16%
Aucun quiz correspondant
Distribution des résultats
% des personnes avec chaque résultat
Percentile par nombre de réponses
Votre historique - résultats
Vous n’avez pas pris ce quiz